| 000 | 00470nam a2200169Ia 4500 | ||
|---|---|---|---|
| 003 | GCL | ||
| 008 | 140319s9999 xx 000 0 eng d | ||
| 040 |
_aGCL / _cGCL |
||
| 082 | 0 | 4 |
_aCC _b054.91606239 _bA M |
| 100 | 1 | _aAWAD, HASSAN | |
| 245 | 1 | 0 |
_aLA MONTAGNE DU SINAI CENTRAL / _cAWAD, HASSAN |
| 260 |
_a[S.N] : _bLA SOCIETE DE GEOGRAPHIE D'EGYPTE ، _c1951 |
||
| 300 | _a243 | ||
| 650 | 0 | 4 | _aLA SOCIETE DE GEOGRAPHIC D'EGY |
| 650 | 0 | 4 | _aPERIODICALS |
| 942 |
_2ddc _cBK |
||
| 999 |
_c17202 _d17202 |
||